00336 a2200109 4500001001000000005001700010008004100027245002800068100002100096773009200117999001700209ART_4508020260410162038.0260409a 10aEl Mercosur profesional1 aSolanas, Facundo0 tRevista de estudios regionales y mercado de trabajog- NÂș 5 (ene./dic. 2009)wREV44894 c34650d34650